Fuerza de la humana fantasia / (Record no. 160403)
[ view plain ]
| 000 -LEADER | |
|---|---|
| campo de control de longitud fija | 01096nam a2200241 i 4500 |
| 001 - NÚMERO DE CONTROL | |
| campo de control | 160403 |
| 003 - IDENTIFICADOR DE NÚMERO DE CONTROL | |
| campo de control | ES-MaACL |
| 005 - FECHA Y HORA DE LA ÚLTIMA TRANSACCIÓN | |
| campo de control | 20251005063125.0 |
| 008 - DATOS DE LONGITUD FIJA--INFORMACIÓN GENERAL | |
| campo de control de longitud fija | 940202s1777 sp |||| | spa d |
| 040 ## - FUENTE DE CATALOGACIÓN | |
| Centro catalogador/agencia de origen | CARM |
| Lengua de catalogación | spa |
| 100 1# - ENTRADA PRINCIPAL--NOMBRE DE PERSONA | |
| Nombre de persona | Muratori, Ludovico Antonio, |
| Fechas asociadas al nombre | 1672-1750 |
| 9 (RLIN) | 130289 |
| 245 10 - MENCIÓN DEL TÍTULO | |
| Título | Fuerza de la humana fantasia / |
| Mención de responsabilidad, etc. | tratado escrito en italiano por Luis Antonio Muratori ... Con una breve, é histórica narracion de su vida / sacada de otra que por extenso escribió en frances el P. Liboy, Bernabita ; traducelo al castellano ... D. Vicente Maria de Tercilla... |
| 260 ## - PUBLICACIÓN, DISTRIBUCIÓN, ETC. | |
| Lugar de publicación, distribución, etc. | En Madrid : |
| Nombre del editor, distribuidor, etc. | en la imprenta de D. Manuel Martin, calle de la Cruz, donde se hallará, |
| Fecha de publicación, distribución, etc. | 1777. |
| 300 ## - DESCRIPCIÓN FÍSICA | |
| Extensión | [12], XXXVI, 362 [i.e. 364], [2] p. ; |
| Dimensiones | 8\so\p. |
| 500 ## - NOTA GENERAL | |
| Nota general | Palau, X, 185926. |
| 597 ## - NOTA DE DESCRIPCIÓN FÍSICA | |
| NOTA DE DESCRIPCIÓN FÍSICA | Sign.:a-c8, A-Y8, Z6. |
| 597 ## - NOTA DE DESCRIPCIÓN FÍSICA | |
| NOTA DE DESCRIPCIÓN FÍSICA | Error de pag., repite las p. 15 y 16. |
| 650 #7 - PUNTO DE ACCESO ADICIONAL DE MATERIA--TÉRMINO DE MATERIA | |
| Término de materia o nombre geográfico como elemento de entrada | Psicología |
| Fuente del encabezamiento o término | embne |
| 9 (RLIN) | 16540 |
| 700 1# - ENTRADA AGREGADA--NOMBRE PERSONAL | |
| Nombre de persona | Tercilla, Vicente María de. |
| 9 (RLIN) | 133181 |
| 852 ## - LOCALIZACIÓN | |
| Ubicación | ES-MaACL |
| Número de control de estantería | R-1254 |
| Nota libre | -- Enc. piel |
| Encuadernación | Olim : G-10781 |
| Estatus retirado | Estado de pérdida | Estado de daño | No para préstamo | Colección | Biblioteca de origen | Biblioteca actual | Ubicación en estantería | Fecha de adquisición | Fuente de adquisición | Total de préstamos | Signatura topográfica completa | Código de barras | Visto por última vez | Precio de reemplazo | Tipo de ítem Koha |
|---|---|---|---|---|---|---|---|---|---|---|---|---|---|---|---|
| Libros del s. XVIII | Biblioteca del Ateneo de Madrid | Biblioteca del Ateneo de Madrid | Depósito | 17/01/2008 | R-1254 | 1167955 | 23/02/2023 | 23/02/2023 | Libro impreso antiguo |
